| 000 | 02430nam a2200337 a 4500 | ||
|---|---|---|---|
| 001 | 000000127 | ||
| 003 | DO-SdBPM | ||
| 005 | 20260206113936.0 | ||
| 007 | ta | ||
| 008 | 081126s2005 dr a 001 0 spa d | ||
| 020 | _a9945406108 | ||
| 020 | _a9789945406108 | ||
| 040 |
_aDO-SdBPM _bspa _cBPMSU _drda |
||
| 082 | 4 |
_a305.57293 _bB742c, 2005 _222 |
|
| 100 | 1 |
_a Bosch, Juan, _d1909-2001 _eautor _4aut. _91 |
|
| 245 | 1 | 0 |
_aComposición social dominicana : _bhistoria e interpretación / _cJuan Bosch ; edición Diómedes Núñez Polanco. |
| 250 | _a22a ed. | ||
| 264 |
_aSanto Domingo : _bAlfa & Omega, _c2005. |
||
| 300 |
_a418 páginas : _bilustraciones ; _c24 cm. |
||
| 336 |
_atexto _btxt _2rdacontent |
||
| 337 |
_asin mediación _bn _2rdamedia |
||
| 338 |
_avolumen _bnc _2rdacarrier |
||
| 505 | 0 | _aUn preámbulo necesario -- Origen de las clases sociales en Santo Domingo -- Aparición y declinación de una oligarquía del azúcar -- De los ingenios a los hatos -- El desarrollo de la sociedad hatera -- La curiosa sociedad de los bucaneros -- La colonia francesa de Saint-Domingue -- El siglo de la miseria -- De la inamovilidad del siglo XVII al dinamismo del siglo XVIII -- Medio siglo de relativo desarrollo -- Santo Domingo en el panorama del Caribe -- La revolución haitiana -- El caso de las emigraciones -- El gobierno de los hateros y la sociedad de los cosecheros de tabaco -- Las causas de la invasión haitiana en 1822 -- La pequeña burguesía en la historia dominicana -- La pequeña burguesía contra el poder de los hateros -- 1857-1861. Luchas en el seno de la pequeña burguesía -- La restauración, obra de la pequeña burguesía -- El largo reinado de la pequeña burguesía en la vida política nacional -- La composición social y los partidos políticos de la época -- El gobierno de los azules o el camino hacia la sociedad burguesa -- De la muerte de Heureaux a la muerte de Cáceres -- El imperialismo en acción -- La composición social hasta 1930 -- Trujillo, o el paso de la pequeña burguesía a la burguesía -- La composición social a la muerte de Trujillo. | |
| 590 | _aInventariado, 2026/VM | ||
| 650 | 7 |
_aClases sociales _zRepública Dominicana _xHistoria |
|
| 650 | 7 |
_aSociología _xHistoria |
|
| 651 | 7 |
_aRepública Dominicana _xCondiciones sociales |
|
| 700 | 1 |
_aNuñez Polanco, Diómedes _d1952- _eeditor |
|
| 910 | _aVMateo V. Control de calidad. BPMSU | ||
| 942 |
_2ddc _cBK |
||
| 999 |
_c15667 _d15667 |
||